000 00314nam a22001457a 4500
020 _a81-7478-506-X
082 _a920
_bSRI/H
100 _aSRINIVASA,ARCHANA
245 _aHEROES OF WORLD WAR II
250 _aFIRST
260 _aCHENNAI
_bSURA BOOKS
300 _a92
650 _aBIOGRAPHY
_zCHENNAI
942 _cBK
999 _c6463
_d6463